Dates histoire médiévale CAPES - Statistiques

Statistiques générales
  • Ce quiz a été pris 160 fois
  • Le résultat moyen est 16 sur 64
Statistiques - réponses
Hint Réponse % Correct
Fondation de l’abbaye de Cluny 910
70%
Prise de Jérusalem par les croisés et création des État latins d’Orient 1099
64%
Concile de Clermont où Urbain II appelle à la croisade pour libérer le tombeau du Christ à Jérusalem. Indulgence de croisade accordée aux croisés 1095
59%
Concile de Lyon II. Conclave obligatoire pour élire le pape + renouvellement de l’interdiction de créer de nouveaux ordres + dissolution des ordres non-reconnus par le pape 1274
59%
Concile de Latran IV. Interdiction de créer de nouveaux ordres religieux + le pape contrôle les canonisations + 7 sacrements fixés, dogme de la transsubstantiation et obligation de communier une fois par an (révolution sacramentelle) + habit distinctif pour les juifs 1215
56%
Rencontre à Canossa entre Henri IV et Grégoire VII qui annule l’excommunication de l’empereur 1077
55%
Henri V accepte le concordat de Worms qui met fin à la Querelle des Investitures en Germanie. Adoption de la solution d’Yves de Chartres (comme en France et en Angleterre) 1122
53%
Conquête de l’Angleterre par Guillaume le Conquérant, duc de Normandie 1066
52%
Concile de Charroux qui instaure la Paix de Dieu en Aquitaine 989
52%
Dictatus papae et affirmation de la libertas ecclesiae (primat romain + autonomie et supériorité de l’Église par rapport aux pouvoirs temporels comme l’empereur). Les clercs simoniaques sont déposés, excommuniés et remplacés par des évêques réformateurs 1075
50%
Otton Ier fonde l’Empire romain germanique. Il impose au pape de lui prêter serment et contrôle les nominations pontificales en rivalité avec les Théophylactes (famille romaine) 962
50%
Pontificat de Grégoire VII 1073-1085
45%
Concile de Latran III. Indulgence de croisade pour ceux qui combattent les hérétiques (notamment dans le Languedoc) + Licentia docendi obligatoire pour enseigner + les nouveaux ordres religieux doivent se rattacher à une règle préexistante (défavorable pour les ordres mendiants) + le sacre ne fait plus partie des sacrements (laïcisation de la royauté) 1179
44%
Fondation de l’abbaye de Cîteaux par Robert de Molesme 1098
41%
Concile de Reims et de Mayence par Léon IX pour diffuser la réforme grégorienne 1049
38%
Le pape accuse le clergé grec d’hérésie nicolaïte et impose sa supériorité sur l’Église grecque 1054
38%
Henri IV reconnaît l’anti-pape Clément III, et Grégoire VII reconnaît l’anti-roi Rodolphe de Rheinfelden élu par des ducs germaniques 1080
36%
Assassinat de Thomas Becket dans la cathédrale de Canterbury ordonné par Henri II. Le roi est frappé d’interdit pontifical et doit renoncer aux Constitutions de Clarendon 1170
36%
Synode de Latran. Organisation de l’élection pontificale (confiée aux cardinaux et non à l’aristocratie romaine) + condamnation des clercs mariés/nicolaïtes 1059
31%
Assassinat de Pierre de Castelnau (légat d’Innocent IV) et début de la croisade des Albigeois 1208
31%
Bataille de Las Navas de Tolosa et victoire des états chrétiens sur Al-Andalus 1212
31%
Fondation de l’ordre des Franciscains (Frères Mineurs) par François d’Assise 1209
30%
Querelle des investitures entre l’Empire germanique et la papauté 1075-1122
27%
Création de la curie romaine sous Urbain II, composée de plusieurs services qui forment le gouvernement pontifical : chancellerie, chambre apostolique, tribunal pontifical 1098
27%
Pontificat de Léon IX, évêque de Toul issu de la réforme monastique qui s’entoure de moines réformés (Humbert de Silva Candida, Hildebrant, Pierre Damien) 1049-1054
25%
Excommunication de Philippe Ier de France par Urbain II pour avoir répudié Berthe de Hollande et épousé Berthrade de Montfort du vivant de sa première femme 1094
25%
Fondation de l’ordre des Dominicains (Frères Prêcheurs) menés par le chanoine Dominique de Guzman et reconnus par le pape. Actions auprès des hérétiques albigeois 1215
23%
Constitution Excommunicamus qui crée l’Inquisition pontificale et ses tribunaux 1231
23%
Réforme grégorienne 1049-1122
22%
Règne de Louis IX et re-sacralisation de la royauté (Sainte-Chapelle, canonisation du roi) 1226
22%
Fondation de l’abbaye de Fontevraud (féminine + masculine) par Robert d’Arbrissel 1101
20%
Traité de Meaux-Paris et fin de la croisade des Albigeois. Le royaume de France de Louis IX annexe le Languedoc 1229
20%
La Pataria à Milan, révolte des clercs réformateurs (patarins) contre les clercs mariés, soutenue par le pape qui envoie deux légats pour régler le problème 1057
19%
Jean Sans Terre nomme Jean de Gray archevêque de Canterbury à la place d’Étienne Langton, candidat du pape. Innocent III excommunie le roi et jette l’interdit sur le royaume 1205
19%
Fondation de Clairvaux par Bernard de Clairvaux envoyé par Étienne Harding (Cisterciens) 1115
17%
Validation de la règle de François d’Assise par la papauté (malgré le concile de Latran III) 1223
17%
Fondation de la Grande Chartreuse par Bruno de Cologne 1084
16%
Décret de Gratien, collection canonique qui fusionne droit romain (le Code Justinien) et droit canonique (décrétales des papes) pour justifier la primauté pontificale 1150
16%
Compilatio Tertia, recueil de décrétales d’Innocent III qui fait office de loi 1210
16%
Henri Ier Beauclerc accepte le concordat de Westminster qui marque la fin de la querelle des investitures en Angleterre. Les laïcs assurent l’investiture temporelle et le clergé assure l’investiture spirituelle (solution d’Yves de Chartres, réformateur modéré) 1107
14%
Fondation de l’ordre militaire du Temple par Hugues de Payns, des moines-chevaliers soutenus par le pape chargés de protéger les pèlerins en terre sainte + convertir les non-chrétiens 1120
14%
L’ordre de l’Hôpital des Teutoniques devient l’ordre militaire des Chevaliers Teutoniques 1199
14%
Liber Extra, compilation des décrétales récentes pour compléter le Décret de Gratien 1234
14%
Fin de la Querelle des Investitures en France avec la même solution qu’en Angleterre 1108
13%
Jean Sans Terre accepte Étienne Langton et devient le vassal du pape 1213
13%
Envoi de légats dans les provinces ecclésiastiques pour juger les clercs simoniaques 1050
11%
Pierre le Vénérable (abbé de Cluny) condamne les juifs, les musulmans et les hérétiques, perçus comme un groupe uni qui représente les ennemis de la Chrétienté 1140
11%
Création du premier béguinage à Liège, une communauté de femmes semi-religieuses qui adoptent un mode de vie monastique mais restent laïques 1266
11%
Début de la réforme monastique dans quelques monastères isolés qui s’émancipent de tout pouvoir temporel grâce aux immunités délivrées par le pape (Cluny, Gorze, Fleury) 930
11%
Mise en place de la décime pour financer les croisades 1188
9%
Liber Census par le camérier Censio qui compile les revenus revendiqués par le pape 1192
9%
Décrétale Ad extirpendam, autorisation de la torture et création de grilles d’enquête pour faciliter la poursuite des hérétiques par l’Inquisition 1252
9%
Suite de la réforme monastique menée par des congrégations monastiques détachées de leur évêque et uniquement rattachées au pape par des exemptions (église clunisienne, Fleury) 990
9%
Aymon de Bourges (évêque) crée une milice armée pour faire respecter la Paix de Dieu 1038
8%
Début de la réforme canoniale impulsée par le pape. Les chanoines deviennent réguliers : règle de saint Augustin + vie en communauté + continence sexuelle (modèle monastique). Certains chanoines mariés refusent et continuent de vivre dans le siècle (surtout en Germanie) 1059
8%
Restitution des biens/droits ecclésiastiques détenus par des laïcs aux monastères (Cluny). Les laïcs ne donnent plus aux monastères traditionnels mais aux nouveaux monachismes (cisterciens, chartreux) : crise de l’amitié 1060
8%
Pascal II accorde une exemption de croisade en terre sainte aux souverains hispaniques qui combattent les musulmans d’Al-Andalus 1102
8%
Concile de Vérone. Décret Ab abolendam (mise en place de la procédure d’office contre les personnes soupçonnées d’hérésie) + condamnation de l’ordre des Humiliés (laïcs prédicateurs) + le mariage fait désormais partie des 7 sacrements 1184
8%
Décrétale Vergentis in senium, l’hérésie est assimilée au crime de lèse-majesté 1199
8%
Sur les dangers des temps nouveaux de Guillaume de Saint-Amour (maître à l’université de Paris) qui critique les ordres mendiants. L’auteur est donc démis de ses fonctions par le pape 1256
8%
Collection de 74 titres qui justifie le primat romain et la supériorité du pouvoir spirituel 1051
6%
Djihad vers le nord de la péninsule ibérique lancé par Al-Mansur, le chambellan du calife d’Al-Andalus. Les chrétiens et les juifs ont le statut particulier de Dhimmi (liberté religieuse en échange d’une taxe) 979
6%
Indépendance des chanoines réguliers de Saint-Ruf par rapport à l’évêque d’Avignon, et la communauté devient un foyer de réforme du milieu canonial 1075
5%
Rémission des péchés accordée par le pape à ceux qui combattent les Musulmans en Espagne 1089
5%
Aucun quiz correspondant
Distribution des résultats
% des personnes avec chaque résultat
Percentile par nombre de réponses
Votre historique - résultats
Vous n’avez pas pris ce quiz